000 00662nam a2200205Ii 4500
003 JO-AjNU
008 230605s9999||||xx |||||||||||||| ||und||
017 _a2008/9/3165
040 _aJO-AjNU
_bara
_erda
_cJO-AjNU
041 _aara
050 1 4 _aPJ7804.R22.U35 2008
100 3 _aتأليف عمر، عبد الرحيم,
_eauthor
_949464
245 0 0 _aأغنيات للصمت
264 3 1 _aعمان:وزارة الثقافة،2008
300 _a140ص
336 _atext
_btxt
_2rdacontent
337 _aunmediated
_bn
_2rdamedia
338 _avolume
_bnc
_2rdacarrier
650 4 _aالشعر العربي - القرن العشرين - الأردن
_949465
999 _aA21727
_c25295
_d25295